The postgraduate's companion / (Record no. 6500)

MARC details
000 -LEADER
fixed length control field 00974cam a22002894a 4500
001 - CONTROL NUMBER
control field 15054226
003 - CONTROL NUMBER IDENTIFIER
control field OSt
005 - DATE AND TIME OF LATEST TRANSACTION
control field 20200128131638.0
008 - FIXED-LENGTH DATA ELEMENTS--GENERAL INFORMATION
fixed length control field 071022s2008 cau f 001 0 eng
010 ## - LIBRARY OF CONGRESS CONTROL NUMBER
LC control number 2007939950
020 ## - INTERNATIONAL STANDARD BOOK NUMBER
International Standard Book Number 9781412930253 (hb)
020 ## - INTERNATIONAL STANDARD BOOK NUMBER
International Standard Book Number 9781412930260 (pb)
040 ## - CATALOGING SOURCE
Original cataloging agency DLC
Transcribing agency DLC
Modifying agency DLC
043 ## - GEOGRAPHIC AREA CODE
Geographic area code e-uk---
082 00 - DEWEY DECIMAL CLASSIFICATION NUMBER
Classification number 378.362
Edition number 22
Item number POS 2008
245 04 - TITLE STATEMENT
Title The postgraduate's companion /
Statement of responsibility, etc. edited by Gerard Hall, Jo Longman.
260 ## - PUBLICATION, DISTRIBUTION, ETC. (IMPRINT)
Place of publication, distribution, etc. Los Angeles :
Name of publisher, distributor, etc. SAGE,
Date of publication, distribution, etc. 2008.
300 ## - PHYSICAL DESCRIPTION
Extent xviii, 500 p. ;
Dimensions 25 cm.
500 ## - GENERAL NOTE
General note Includes index.
650 #0 - SUBJECT ADDED ENTRY--TOPICAL TERM
Topical term or geographic name as entry element Universities and colleges
Geographic subdivision Great Britain
General subdivision Graduate work
Form subdivision Handbooks, manuals, etc.
9 (RLIN) 13364
650 #0 - SUBJECT ADDED ENTRY--TOPICAL TERM
Topical term or geographic name as entry element Graduate students
Geographic subdivision Great Britain
Form subdivision Handbooks, manuals, etc.
9 (RLIN) 13365
700 1# - ADDED ENTRY--PERSONAL NAME
Personal name Hall, Gerard.
9 (RLIN) 13366
700 1# - ADDED ENTRY--PERSONAL NAME
Personal name Longman, Jo.
9 (RLIN) 13367
906 ## - LOCAL DATA ELEMENT F, LDF (RLIN)
a 7
b cbc
c orignew
d 2
e epcn
f 20
g y-gencatlg
942 ## - ADDED ENTRY ELEMENTS (KOHA)
Source of classification or shelving scheme Dewey Decimal Classification
Koha item type Open Shelf
Holdings
Withdrawn status Lost status Source of classification or shelving scheme Damaged status Not for loan Home library Current library Date acquired Source of acquisition Inventory number Total Checkouts Full call number Barcode Date last seen Price effective from Koha item type
    Dewey Decimal Classification     MUST Main Library MUST Main Library 28/01/2020 Purchase 2011/35304   378.362 POS 2008 2020-0170 28/01/2020 28/01/2020 Open Shelf
    Dewey Decimal Classification     MUST Main Library MUST Main Library 28/01/2020 Purchase 2012/36084   378.362 POS 2008 2020-0171 28/01/2020 28/01/2020 Open Shelf